Estudio de factibilidad de exportación de nopal en cápsula a Canadá /
Gardado en:
| Autor Principal: | |
|---|---|
| Outros autores: | , |
| Formato: | Libro |
| Idioma: | Lingua castelá |
| Temas: | |
| Etiquetas: |
Sen Etiquetas, Sexa o primeiro en etiquetar este rexistro!
|
MARC
| LEADER | 00000nam^a2200000^a^4500 | ||
|---|---|---|---|
| 001 | 000154782 | ||
| 005 | 20250521000000.0 | ||
| 009 | 20260310100405.056 | ||
| 037 | |a Acervo ITESO - Biblioteca | ||
| 041 | |a ESP | ||
| 090 | |a CIN. 226 | ||
| 100 | |a Rodríguez Vidrio, Estela Elizabeth |e (autor) | ||
| 245 | 1 | 0 | |a Estudio de factibilidad de exportación de nopal en cápsula a Canadá / |c E.E. Rodríguez Vidrio, J.P. Colín Gómez, M. Duarte Martínez. |
| 264 | |a Guadalajara, México : |b edición de autor, |c 2003 | ||
| 300 | |a 1 disco compacto de computadora | ||
| 336 | |a datos para computadora |b cod |2 rdacontenido | ||
| 337 | |a computadora |b c |2 rdamedio | ||
| 338 | |a disco de computadora |b cd |2 rdasoporte | ||
| 593 | |a Tesis de Lic. en Comercio Internacional | ||
| 649 | |a XX | ||
| 650 | |a Nopal - |z México - |x Industria y Comercio | ||
| 650 | |a Industria Alimenticia - |z México | ||
| 650 | |a Industria Farmacéutica - |z México | ||
| 650 | |a Plantas Medicinales | ||
| 650 | |a Exportaciones - |z México | ||
| 650 | |a Comercio Exterior - |z Canadá | ||
| 650 | |a Investigación de Mercado | ||
| 650 | |a Mercadotecnia de Exportación | ||
| 650 | |a Globalización | ||
| 650 | |a Comercio Internacional | ||
| 650 | |a Ciencias Administrativas | ||
| 700 | |a Colín Gómez, Juan Pablo |e (autor) | ||
| 700 | |a Duarte Martínez, Mauricio |e (autor) | ||
| 910 | |a Fondo General | ||
| 920 | |a Electrónicos - Tesis del ITESO en Disco | ||
| 905 | |a 202 | ||
| 901 | |a 0500086577 |b IT2 |c STS |u 20250521 | ||
| 902 | |a https://opac.biblio.iteso.mx/vufind/Record/000154782 | ||